Largest Cities in the Middle East - Statistics

General Stats
  • This quiz has been taken 134 times
  • The average score is 12 of 15
Answer Stats
Hint City % Correct
5 Riyadh
97%
4 Baghdad
94%
10 Damascus
93%
3 Tehran
92%
1 Cairo
88%
2 Istanbul
87%
11 Tel Aviv
85%
7 Ankara
82%
12 Amman
81%
6 Alexandria
77%
9 Kuwait City
69%
13 Aleppo
61%
8 Jeddah
61%
15 Izmir
58%
14 Mashhad
34%
No matching quizzes found
Score Distribution
Percent of People with Each Score
Percentile by Number Answered
Your Score History
You have not taken this quiz